| 000 | 00521pab a2200193 454500 | ||
|---|---|---|---|
| 008 | 180718b2004 xxu||||| |||| 00| 0 eng d | ||
| 100 | _aBourgois, Philippe | ||
| 245 | _aThe everyday violence of hepatitis C among young women who inject drugs in San Francisco | ||
| 260 | _c2004 | ||
| 300 | _ap.253-64. | ||
| 362 | _aFall | ||
| 650 | _aDrugs | ||
| 650 | _aHepatitisc | ||
| 650 | _aWomens health services | ||
| 700 | _aMoss, Andrew | ||
| 700 | _aPrince, Bridget | ||
| 773 | _aHuman Organization | ||
| 909 | _a62697 | ||
| 999 |
_c62697 _d62697 |
||